Super natural living. (Record no. 12676)

000 -LEADER
fixed length control field 00516nam a2200181 a 4500
001 - CONTROL NUMBER
control field :::00010490$&:&@@
003 - CONTROL NUMBER IDENTIFIER
control field OkBaRHE
005 - DATE AND TIME OF LATEST TRANSACTION
control field 20000607103359.0
008 - FIXED-LENGTH DATA ELEMENTS--GENERAL INFORMATION
fixed length control field s1982 j 000 0 eng u
040 ## - CATALOGING SOURCE
Transcribing agency
100 1# - MAIN ENTRY--PERSONAL NAME
Personal name Malz, Betty.
245 10 - TITLE STATEMENT
Title Super natural living.
260 ## - PUBLICATION, DISTRIBUTION, ETC. (IMPRINT)
Place of publication, distribution, etc Lincoln, VA., :
Name of publisher, distributor, etc Chosen Books
Date of publication, distribution, etc c1982
300 ## - PHYSICAL DESCRIPTION
Extent 134 p. ;
Dimensions 25 cm.
650 ## - SUBJECT ADDED ENTRY--TOPICAL TERM
Topical term or geographic name as entry element Christian Life
942 ## - ADDED ENTRY ELEMENTS (KOHA)
Source of classification or shelving scheme
Koha item type Books
Copies
Koha item type Price effective from Shelving location Copy number Barcode Lost status Damaged status Not for loan Date acquired Full call number Source of classification or shelving scheme Permanent Location Withdrawn status Date last seen
Books2010-04-14General Stacks110490   2010-04-14BV 4501 .M2 RHEMA Bible Training College 2010-04-14